000 01788nam a2200205Ia 4500
003 Ost
005 20260507075734.0
008 260507s9999||||xx |||||||||||||| ||und||
040 _cfsecg
041 _aara
082 _a658.7
100 _aالسباتين، بكر محمود
_eمؤلف
245 0 _aعلم المخازن :
_bدورة المستندات في الشركات الكبرى بين الشراء والتخزين /
_c بكر محمود السباتين
260 _aعمان:
_bدار المناهج للنشر والتوزيع,
_c2003
300 _a278 صفحة؛
_bإيضاحات ؛
_c25 سم
504 _aالملاحق ص.255 ببليوغرافيا: ص.277
520 _aدراسة نظم التخزين من خلال الدورة المستندية،حركة المواد بين الشراء والتخزين،بطاقة المواد(مركز الدورة المستندية)،مرحلة الشراء والاستلام،الأرشيف والمراقبة،مرحلة الدوائر المتقاطعة/الصرف/الإرجاع/التبديل،الجرد،الوقت وسبل توفيره في الدورة المستندية،أهم طرق التخزين للمواد المختلفة،توظيف مواصفات المواد في التصميم المعماري للمستودع،تطبيقات على الدورة المستندية(تطبيقات افتراضية بحتة)،تطبيقات عملية افتراضية على كافة العمليات الداخلية في الدورة المستندية والدوائر الأخرى،مثال عملي شامل لمشتريات محلية،مثال عملي لمشتريات خارجية مع تعديل الرصيد(المرحلة الأولى)
653 _aإدارة المخازن
942 _cكتاب
999 _c46073
_d46073